<?xml version="1.0" encoding="UTF-8"?>
<resp>
  <nextPage>https://data.bn.org.pl/api/networks/bibs.marcxml?marc=001+b1000000926342&amp;sinceId=1000000926343</nextPage>
  <collection>
    <record xmlns='http://www.loc.gov/MARC21/slim'><leader>05124nam a2201225 i 4500</leader><controlfield tag='001'>b1000000926342</controlfield><controlfield tag='005'>20260217080409.0</controlfield><controlfield tag='008'>210329s2011    pl ach       |001 0bpol c</controlfield><controlfield tag='009'>9911989146905606</controlfield><datafield ind1=' ' ind2=' ' tag='015'><subfield code='a'>UWD 2021/16397</subfield></datafield><datafield ind1=' ' ind2=' ' tag='020'><subfield code='a'>9788377890325</subfield><subfield code='q'>(oprawa twarda)</subfield></datafield><datafield ind1=' ' ind2=' ' tag='035'><subfield code='a'>(PL)b1000000926342</subfield></datafield><datafield ind1=' ' ind2=' ' tag='040'><subfield code='a'>WA N</subfield><subfield code='c'>WA N</subfield><subfield code='d'>WA N</subfield></datafield><datafield ind1='1' ind2=' ' tag='041'><subfield code='a'>pol</subfield><subfield code='h'>lat</subfield></datafield><datafield ind1='2' ind2=' ' tag='045'><subfield code='b'>d1611</subfield><subfield code='b'>d1687</subfield></datafield><datafield ind1=' ' ind2=' ' tag='046'><subfield code='k'>2011</subfield></datafield><datafield ind1=' ' ind2=' ' tag='080'><subfield code='8'>1.1\x</subfield><subfield code='a'>520/524</subfield></datafield><datafield ind1=' ' ind2=' ' tag='080'><subfield code='8'>1.2\x</subfield><subfield code='a'>929-052(438)&quot;16&quot;</subfield></datafield><datafield ind1=' ' ind2=' ' tag='084'><subfield code='a'>01</subfield></datafield><datafield ind1='0' ind2='0' tag='245'><subfield code='a'>Jan Heweliusz /</subfield><subfield code='c'>pod redakcją Marii Pelczar i Jarosława Włodarczyka ; [autorzy rozdziałów: Lech Mokrzecki (rozdz. I), Helena Dzienis (rozdz. II), Ewa Ogonowska (rozdz. III), Karolina Targosz (rozdz. IV), Z. Lidia Pszczółkowska (rozdz. V), Grzegorz   Szychliński (rozdz. VI), Jarosław Włodarczyk (komentarz i przekład dzieła J. Heweliusza &quot;O ruchu libracyjnym Księżyca&quot;), Remigiusz Presia (przekład dzieła J. Heweliusza &quot;O ruchu libracyjnym Księżyca&quot;)].</subfield></datafield><datafield ind1=' ' ind2=' ' tag='260'><subfield code='a'>Radom :</subfield><subfield code='b'>Wydawnictwo Naukowe Instytutu Technologii Eksploatacji - PIB,</subfield><subfield code='c'>copyright 2011.</subfield></datafield><datafield ind1=' ' ind2=' ' tag='300'><subfield code='a'>359 stron :</subfield><subfield code='b'>faksymilia, ilustracje, portrety ;</subfield><subfield code='c'>25 cm.</subfield></datafield><datafield ind1=' ' ind2=' ' tag='336'><subfield code='a'>Obraz</subfield><subfield code='b'>sti</subfield><subfield code='2'>rdacontent</subfield></datafield><datafield ind1=' ' ind2=' ' tag='336'><subfield code='a'>Tekst</subfield><subfield code='b'>txt</subfield><subfield code='2'>rdacontent</subfield></datafield><datafield ind1=' ' ind2=' ' tag='337'><subfield code='a'>Bez urządzenia pośredniczącego</subfield><subfield code='b'>n</subfield><subfield code='2'>rdamedia</subfield></datafield><datafield ind1=' ' ind2=' ' tag='338'><subfield code='a'>Wolumin</subfield><subfield code='b'>nc</subfield><subfield code='2'>rdacarrier</subfield></datafield><datafield ind1=' ' ind2=' ' tag='380'><subfield code='a'>Książki</subfield></datafield><datafield ind1=' ' ind2=' ' tag='380'><subfield code='a'>Publikacje naukowe</subfield></datafield><datafield ind1=' ' ind2=' ' tag='380'><subfield code='a'>Albumy i książki artystyczne</subfield></datafield><datafield ind1='1' ind2=' ' tag='388'><subfield code='a'>2001-</subfield></datafield><datafield ind1='1' ind2=' ' tag='490'><subfield code='a'>Biblioteka Polskiej Nauki i Techniki ;</subfield><subfield code='v'>6</subfield></datafield><datafield ind1=' ' ind2=' ' tag='504'><subfield code='a'>Indeks.</subfield></datafield><datafield ind1=' ' ind2=' ' tag='546'><subfield code='a'>Część tekstu w przekładzie z języka łacińskiego.</subfield></datafield><datafield ind1='1' ind2='7' tag='600'><subfield code='a'>Heweliusz, Jan</subfield><subfield code='d'>(1611-1687)</subfield><subfield code='2'>DBN</subfield></datafield><datafield ind1=' ' ind2='7' tag='648'><subfield code='a'>1601-1700</subfield><subfield code='2'>DBN</subfield></datafield><datafield ind1=' ' ind2='7' tag='650'><subfield code='a'>Astronomia</subfield><subfield code='2'>DBN</subfield></datafield><datafield ind1=' ' ind2='7' tag='650'><subfield code='a'>Uczone i uczeni</subfield><subfield code='2'>DBN</subfield></datafield><datafield ind1=' ' ind2='7' tag='651'><subfield code='a'>Polska</subfield><subfield code='2'>DBN</subfield></datafield><datafield ind1=' ' ind2='7' tag='655'><subfield code='a'>Biografia</subfield><subfield code='2'>DBN</subfield></datafield><datafield ind1=' ' ind2='7' tag='655'><subfield code='a'>Praca zbiorowa</subfield><subfield code='2'>DBN</subfield></datafield><datafield ind1=' ' ind2='7' tag='655'><subfield code='a'>Publikacja bogato ilustrowana</subfield><subfield code='2'>DBN</subfield></datafield><datafield ind1=' ' ind2=' ' tag='658'><subfield code='a'>Fizyka i astronomia</subfield></datafield><datafield ind1=' ' ind2=' ' tag='658'><subfield code='a'>Historia</subfield></datafield><datafield ind1='1' ind2=' ' tag='700'><subfield code='a'>Mokrzecki, Lech</subfield><subfield code='d'>(1935-2021)</subfield><subfield code='e'>Autor</subfield></datafield><datafield ind1='1' ind2=' ' tag='700'><subfield code='a'>Targosz, Karolina</subfield><subfield code='d'>(1938- )</subfield><subfield code='e'>Autor</subfield></datafield><datafield ind1='1' ind2=' ' tag='700'><subfield code='a'>Ogonowska, Ewa</subfield><subfield code='e'>Autor</subfield></datafield><datafield ind1='1' ind2=' ' tag='700'><subfield code='a'>Pszczółkowska, Z. Lidia</subfield><subfield code='e'>Autor</subfield></datafield><datafield ind1='1' ind2=' ' tag='700'><subfield code='a'>Presia, Remigiusz</subfield><subfield code='e'>Tłumaczenie</subfield></datafield><datafield ind1='1' ind2=' ' tag='700'><subfield code='a'>Pelczar, Maria</subfield><subfield code='d'>(1940- )</subfield><subfield code='e'>Redakcja</subfield></datafield><datafield ind1='1' ind2=' ' tag='700'><subfield code='a'>Dzienis, Helena</subfield><subfield code='d'>(1942- )</subfield><subfield code='e'>Autor</subfield></datafield><datafield ind1='1' ind2=' ' tag='700'><subfield code='a'>Szychliński, Grzegorz</subfield><subfield code='e'>Autor</subfield></datafield><datafield ind1='1' ind2=' ' tag='700'><subfield code='a'>Włodarczyk, Jarosław</subfield><subfield code='c'>(tłumacz)</subfield><subfield code='e'>Redakcja</subfield><subfield code='e'>Tłumaczenie</subfield></datafield><datafield ind1='2' ind2=' ' tag='710'><subfield code='a'>Instytut Technologii Eksploatacji - Państwowy Instytut Badawczy</subfield><subfield code='e'>Wydawca</subfield><subfield code='4'>pbl</subfield></datafield><datafield ind1=' ' ind2='0' tag='830'><subfield code='a'>Biblioteka Polskiej Nauki i Techniki</subfield><subfield code='v'>6</subfield></datafield><datafield ind1=' ' ind2=' ' tag='852'><subfield code='8'>22762466920008341</subfield><subfield code='j'>1</subfield><subfield code='h'>333621</subfield><subfield code='b'>bpg</subfield><subfield code='p'>333621000001</subfield><subfield code='c'>300000</subfield></datafield><datafield ind1=' ' ind2=' ' tag='852'><subfield code='8'>22350566980006926</subfield><subfield code='j'>1</subfield><subfield code='h'>VIII - 92830</subfield><subfield code='b'>TORU</subfield><subfield code='p'>300047539143</subfield><subfield code='c'>PP_bg</subfield></datafield><datafield ind1=' ' ind2=' ' tag='852'><subfield code='8'>2276115820007411</subfield><subfield code='j'>1</subfield><subfield code='b'>BU</subfield><subfield code='p'>1051552J</subfield><subfield code='c'>MAGK</subfield><subfield code='z'>W/227/11</subfield></datafield><datafield ind1=' ' ind2=' ' tag='852'><subfield code='8'>22840554460008833</subfield><subfield code='j'>1</subfield><subfield code='b'>BG</subfield><subfield code='p'>1060279716</subfield><subfield code='c'>BG-MAG</subfield></datafield><datafield ind1=' ' ind2=' ' tag='852'><subfield code='8'>22752389300008344</subfield><subfield code='j'>1</subfield><subfield code='b'>bg_gumed</subfield><subfield code='p'>108705765000</subfield><subfield code='c'>2700011</subfield></datafield><datafield ind1=' ' ind2=' ' tag='852'><subfield code='8'>22687638670005066</subfield><subfield code='j'>1</subfield><subfield code='h'>3.155.873 A</subfield><subfield code='b'>BN_PL</subfield><subfield code='p'>30001029255977</subfield><subfield code='c'>bk1</subfield></datafield><datafield ind1=' ' ind2=' ' tag='852'><subfield code='b'>48OMNIS_NETWORK</subfield><subfield code='8'>9911989146905606</subfield></datafield><datafield ind1=' ' ind2=' ' tag='852'><subfield code='b'>48FAR_UGD</subfield><subfield code='8'>991007420459708343</subfield></datafield><datafield ind1=' ' ind2=' ' tag='852'><subfield code='b'>48FAR_PGD</subfield><subfield code='8'>991000945369708341</subfield></datafield><datafield ind1=' ' ind2=' ' tag='852'><subfield code='b'>48OMNIS_PAU</subfield><subfield code='8'>991001869039708834</subfield></datafield><datafield ind1=' ' ind2=' ' tag='852'><subfield code='b'>48FAR_GUM</subfield><subfield code='8'>991000605589708344</subfield></datafield><datafield ind1=' ' ind2=' ' tag='852'><subfield code='8'>22762466940008341</subfield><subfield code='j'>1</subfield><subfield code='h'>PN-F 324705</subfield><subfield code='b'>nanobpg</subfield><subfield code='p'>324705000001</subfield><subfield code='c'>160000</subfield></datafield><datafield ind1=' ' ind2=' ' tag='852'><subfield code='8'>22762466960008341</subfield><subfield code='j'>1</subfield><subfield code='h'>337750</subfield><subfield code='b'>bpg</subfield><subfield code='p'>337750000001</subfield><subfield code='c'>140000</subfield></datafield><datafield ind1=' ' ind2=' ' tag='852'><subfield code='8'>22734894000008834</subfield><subfield code='j'>1</subfield><subfield code='b'>PAU</subfield><subfield code='p'>1700058064</subfield><subfield code='c'>PAU_MAG_G</subfield></datafield><datafield ind1=' ' ind2=' ' tag='852'><subfield code='b'>48UWM_INST</subfield><subfield code='8'>990010150590107411</subfield></datafield><datafield ind1=' ' ind2=' ' tag='852'><subfield code='8'>22350566960006926</subfield><subfield code='j'>1</subfield><subfield code='h'>W2 1154205</subfield><subfield code='b'>TORU</subfield><subfield code='p'>300047496881</subfield><subfield code='c'>ST_REF_bg</subfield></datafield><datafield ind1=' ' ind2=' ' tag='852'><subfield code='8'>2268201100007663</subfield><subfield code='j'>1</subfield><subfield code='h'>841.845</subfield><subfield code='b'>ZNO-SZEW</subfield><subfield code='p'>1000204311</subfield><subfield code='c'>10000</subfield></datafield><datafield ind1=' ' ind2=' ' tag='852'><subfield code='8'>22847646030008343</subfield><subfield code='j'>1</subfield><subfield code='b'>BG</subfield><subfield code='p'>1101264175</subfield><subfield code='c'>90007</subfield><subfield code='z'>A.20.1 Jan</subfield></datafield><datafield ind1=' ' ind2=' ' tag='852'><subfield code='b'>48OMNIS_PUJP</subfield><subfield code='8'>991000432359708833</subfield></datafield><datafield ind1=' ' ind2=' ' tag='852'><subfield code='8'>22762466980008341</subfield><subfield code='j'>1</subfield><subfield code='h'>Geografia, regionalia 319990</subfield><subfield code='b'>bpg</subfield><subfield code='p'>319990000001</subfield><subfield code='c'>50000</subfield></datafield><datafield ind1=' ' ind2=' ' tag='852'><subfield code='b'>48OMNIS_UMKWT</subfield><subfield code='8'>991005257659706926</subfield></datafield><datafield ind1=' ' ind2=' ' tag='852'><subfield code='b'>48OMNIS_ZNO</subfield><subfield code='8'>991001423129707663</subfield></datafield><datafield ind1=' ' ind2=' ' tag='852'><subfield code='b'>48OMNIS_NLOP</subfield><subfield code='8'>991052886609505066</subfield></datafield><datafield ind1=' ' ind2=' ' tag='920'><subfield code='a'>978-83-7789-032-5 (oprawa twarda)</subfield></datafield></record>
  </collection>
</resp>
